[Event "GBR-ch U1900 op 104th"]
[Site "Llandudno"]
[Date "2017.08.02"]
[Round "3"]
[White "Whittington, Reece W"]
[Black "Gunn, Michael J"]
[Result "0-1"]
[WhiteElo "1742"]
[BlackElo "1563"]
[PlyCount "146"]
[EventDate "2017.07.31"]
[EventType "swiss"]
[EventRounds "5"]
[EventCountry "WLS"]
[SourceTitle "EXT 2019"]
[Source "ChessBase"]
[SourceDate "2018.10.10"]
[SourceVersion "1"]
[SourceVersionDate "2018.10.10"]
[SourceQuality "1"]

1. d4 b6 2. c4 e6 3. e4 Bb7 4. Nc3 g6 5. Bd3 Bg7 6. Be3 d6 7. Nge2 Nd7 8. f3 e5 9. d5 Ne7 10. Qd2 h5 11. 0-0 h4 12. f4 f6 13. f5 g5 14. b4 a5 15. a3 Kf7 16. Rab1 Ng8 17. c5 Bc8 18. c6 Nf8 19. b5 Nh6 20. Na4 Ng4 21. h3 Nxe3 22. Qxe3 Bh6 23. Qf2 Nh7 24. Rfc1 g4 25. Qxh4 Bxc1 26. Rxc1 gxh3 27. Qh5+ Ke7 28. Qg6 Qf8 29. Ng3 Ng5 30. Nh5 Rg8 31. Qxf6+ Qxf6 32. Nxf6 Kxf6 33. g3 Nf3+ 34. Kf2 Nd4 35. Rh1 Bxf5 36. exf5 Nxf5 37. Bxf5 Kxf5 38. Rxh3 Rg7 39. Nc3 Rf8 40. Rh4 Rfg8 41. Rh3 Rg4 42. Rh5+ R4g5 43. Rxg5+ Rxg5 44. Kf3 Rg4 45. Nd1 Ra4 46. Ne3+ Kg5 47. Nc2 Rc4 48. Ne1 Rc3+ 49. Ke4 Rxa3 50. Nf3+ Kg4 51. Nxe5+ dxe5 52. Kxe5 Re3+ 53. Kd4 Re7 54. d6 cxd6 55. Kd5 a4 56. Kxd6 Rh7 57. c7 Rxc7 58. Kxc7 a3 59. Kxb6 a2 60. Kc7 a1Q 61. b6 Qa5 62. Kc6 Qc3+ 63. Kb7 Kxg3 64. Ka7 Qa5+ 65. Kb7 Kf4 66. Kc6 Qc3+ 67. Kd7 Qd4+ 68. Kc6 Qd8 69. b7 Qb8 70. Kb6 Ke5 71. Ka6 Kd6 72. Kb6 Kd7 73. Ka6 Kc7 0-1

[Event "BCF-ch U120"]
[Site "Aberystwyth"]
[Date "2014.07.29"]
[Round "2"]
[White "Whittington, Reece W"]
[Black "Smith, David"]
[Result "1/2-1/2"]
[WhiteElo "119"]
[BlackElo "111"]
[PlyCount "105"]
[EventDate "2014.07.28"]
[EventType "swiss"]
[EventRounds "5"]
[EventCountry "WLS"]
[SourceTitle "EXT 2017"]
[Source "ChessBase"]
[SourceDate "2016.10.25"]
[SourceVersion "1"]
[SourceVersionDate "2016.10.25"]
[SourceQuality "1"]

1. d4 Nf6 2. Nf3 d5 3. Bf4 c5 4. e3 cxd4 5. exd4 e6 6. c3 Be7 7. Bd3 Nbd7 8. Nbd2 0-0 9. Qc2 h6 10. 0-0-0 Ng4 11. Nb3 Re8 12. h3 Ngf6 13. g4 Ne4 14. Bxe4 dxe4 15. Qxe4 Nf6 16. Qe2 Nd5 17. Be3 Nxe3 18. fxe3 b6 19. Qf2 Bb7 20. Rhg1 Bxf3 21. Qxf3 Bh4 22. Rdf1 Re7 23. Nd2 Rc8 24. e4 Qd7 25. Qd3 Bg5 26. Kb1 Bxd2 27. Qxd2 g5 28. h4 Qb5 29. hxg5 Qxg5 30. Qxg5+ hxg5 31. Rh1 Kg7 32. e5 Rh8 33. Rxh8 Kxh8 34. Rh1+ Kg7 35. Rh5 Kg6 36. Kc2 Re8 37. c4 f5 38. exf6 Rf8 39. Kd3 Rxf6 40. Ke4 Rf4+ 41. Ke5 Rxg4 42. Rh8 Rg2 43. Kxe6 Kg7 44. Ra8 a5 45. Ra7+ Kh6 46. d5 Re2+ 47. Kd7 g4 48. d6 g3 49. Kc6 Re6 50. Ra8 g2 51. Rg8 Rg6 52. Rxg6+ Kxg6 53. d7 1/2-1/2